| 000 | 00948nam a2200241Ii 4500 | ||
|---|---|---|---|
| 003 | JO-AjNU | ||
| 008 | 230605s9999||||xx |||||||||||||| ||und|| | ||
| 017 | _a2008/11/3934 | ||
| 020 | _a978-9957-02-349-2 | ||
| 040 |
_aJO-AjNU _bara _erda _cJO-AjNU |
||
| 041 | _aara | ||
| 050 | 1 | 4 | _aHV 6675 .S5238 2009 |
| 100 | 3 |
_aاعداد: الشلبي، حسين محمد، مهند فايز الدويكات, _eauthor _921282 |
|
| 245 | 0 | 0 | _aالتزوير والاحتيال بالبطاقات الائتمانية |
| 250 | _aط1 | ||
| 264 | 3 | 1 | _aعمان: دار مجدلاوي للنشر والتوزيع، 2009 |
| 300 |
_a111ص _bيحتوي على ببلوغرافية من 109-111ص |
||
| 336 |
_atext _btxt _2rdacontent |
||
| 337 |
_aunmediated _bn _2rdamedia |
||
| 338 |
_avolume _bnc _2rdacarrier |
||
| 490 | 0 | _a سلسلة الجرائم المالية والمستحدثة | |
| 650 | 4 |
_aالجرائم المالية - مكافحة _921283 |
|
| 999 |
_aA7366 _c10934 _d10934 |
||